Southville International School and Colleges
Your cart is empty.
  • Cart
  • Lists
    Public lists Eva Luna New books Lux_list list_1
    Your lists Log in to create your own lists
  • Log in to your account
  • Your cookies
  • Search history
Southville International School and Colleges
  • Advanced search
  • Recent comments
  • Most popular
  • Libraries

Log in to your account

Log in with GOOGLE


If you do not have an external account, but do have a local account, you can still log in:

  1. Home
  2. MARC view: How to turn down a billion dollars :
Normal view MARC view ISBD view

How to turn down a billion dollars : (Record no. 368295)

[ view plain ]
MARC details
000 -LEADER
fixed length control field 01260nam a22002897a 4500
003 - CONTROL NUMBER IDENTIFIER
control field 0
005 - DATE AND TIME OF LATEST TRANSACTION
control field 20251020145751.0
008 - FIXED-LENGTH DATA ELEMENTS--GENERAL INFORMATION
fixed length control field 251020b xxu||||| |||| 00| 0 eng d
020 ## - INTERNATIONAL STANDARD BOOK NUMBER
International Standard Book Number 978-1-250-10861-6
050 ## - LIBRARY OF CONGRESS CALL NUMBER
Classification number HD 9696.8.U64
Item number .G35 2018
100 ## - MAIN ENTRY--PERSONAL NAME
Personal name Gallagher, Billy,
Relator term author.
245 ## - TITLE STATEMENT
Title How to turn down a billion dollars :
Remainder of title the Snapchat story /
Statement of responsibility, etc Billy Gallagher.
260 ## - PUBLICATION, DISTRIBUTION, ETC. (IMPRINT)
Place of publication, distribution, etc New York :
Name of publisher, distributor, etc St. Martin’s Press,
Date of publication, distribution, etc 2018.
300 ## - PHYSICAL DESCRIPTION
Extent 287 pages ;
Dimensions 25 cm.
500 ## - GENERAL NOTE
General note "An insider’s look at the rise of Snapchat, chronicling its founding, explosive growth, and the culture of Silicon Valley entrepreneurship."
504 ## - BIBLIOGRAPHY, ETC. NOTE
Bibliography, etc Includes bibliographical references and index.
520 ## - SUMMARY, ETC.
Summary, etc Chronicles the creation and rapid rise of Snapchat by Evan Spiegel and his team, exploring startup culture, innovation, and business rivalry in Silicon Valley.
600 ## - SUBJECT ADDED ENTRY--PERSONAL NAME
Personal name Spiegel, Evan,
Dates associated with a name 1990-
610 ## - SUBJECT ADDED ENTRY--CORPORATE NAME
Corporate name or jurisdiction name as entry element Snap Inc.
650 ## - SUBJECT ADDED ENTRY--TOPICAL TERM
Topical term or geographic name as entry element Internet industry
Geographic subdivision United States
General subdivision History.
650 ## - SUBJECT ADDED ENTRY--TOPICAL TERM
Topical term or geographic name as entry element New business enterprises
Geographic subdivision United States.
650 ## - SUBJECT ADDED ENTRY--TOPICAL TERM
Topical term or geographic name as entry element Entrepreneurship
Geographic subdivision United States.
650 ## - SUBJECT ADDED ENTRY--TOPICAL TERM
Topical term or geographic name as entry element Success in business.
650 ## - SUBJECT ADDED ENTRY--TOPICAL TERM
Topical term or geographic name as entry element Social media
Geographic subdivision United States
General subdivision Economic aspects.
710 ## - ADDED ENTRY--CORPORATE NAME
Corporate name or jurisdiction name as entry element St. Martin’s Press,
Relator term publisher.
942 ## - ADDED ENTRY ELEMENTS (KOHA)
Source of classification or shelving scheme Library of Congress Classification
Koha item type Books
Holdings
Withdrawn status Lost status Source of classification or shelving scheme Damaged status Home library Current library Shelving location Date acquired Source of acquisition Sub Shelving location Total Checkouts Full call number Barcode Date last seen Price effective from Koha item type
    Library of Congress Classification   Luxembourg Library Luxembourg Library High School Section 11/19/2024 Library Fund     HD 9696.8.U64 .G35 2018 21382 10/20/2025 10/20/2025 Books

How to turn down a billion dollars :

APA

Gallagher B., St. Martin’s Press, . (2018). How to turn down a billion dollars. New York: St. Martin’s Press.

Chicago

Gallagher Billy, St. Martin’s Press, . 2018. How to turn down a billion dollars. New York: St. Martin’s Press.

Harvard

Gallagher B., St. Martin’s Press, . (2018). How to turn down a billion dollars. New York: St. Martin’s Press.

MLA

Gallagher Billy, St. Martin’s Press, . How to turn down a billion dollars. New York: St. Martin’s Press. 2018.

  • Place hold
  • Print
  • Cite
  • Add to your cart (remove)
  • Save record
    BIBTEX Dublin Core MARCXML MARC (non-Unicode/MARC-8) MARC (Unicode/UTF-8) MARC (Unicode/UTF-8, Standard) MODS (XML) RIS
  • More searches
    Search for this title in:
    Other Libraries (WorldCat) Other Databases (Google Scholar) Online Stores (Bookfinder.com) Open Library (openlibrary.org)

Exporting to Dublin Core...

SOUTHVILLE LIBRARY

Southville International School and Colleges Library

1281 Tropical Ave. Cor. Luxembourg St., BF Homes International, Las Pinas City

Tel. No. 8256374 / 252358 Loc. 117/146

Powered by Koha